|
|
|
|
| LEADER |
01159nam a2200265 a 4500 |
| 001 |
0017427 |
| 003 |
BD-DhAAL |
| 008 |
090429s2005 mau b 001 0 eng d |
| 010 |
|
|
|a \\2003026893
|
| 020 |
|
|
|a 1405117060 (alk. paper)
|
| 020 |
|
|
|a 1405117079 (pbk. : alk. paper)
|
| 040 |
|
|
|a DLC
|c DLC
|d DLC
|d BD-DhAAL
|
| 082 |
0 |
0 |
|a 823.009
|2 22
|
| 100 |
1 |
|
|a Eagleton, Terry,
|d 1943-
|
| 245 |
1 |
4 |
|a The English novel :
|b an introduction /
|c Terry Eagleton.
|
| 260 |
|
|
|a Malden, MA :
|b Blackwell Pub.,
|c 2005.
|
| 300 |
|
|
|a ix, 365 p. ;
|c 24 cm
|
| 504 |
|
|
|a Includes bibliographical references (pages 338-341) and index.
|
| 526 |
|
|
|a ENH
|x Professor Syed Manzoorul Islam
Coordinator
Department of English and Humanities
|
| 541 |
1 |
|
|e 00017427
|a Friends' Book Corner
|
| 650 |
|
0 |
|a English fiction
|x History and criticism.
|
| 852 |
1 |
|
|a Ayesha Abed Library
|c General Stacks
|
| 942 |
|
|
|2 ddc
|c BK
|
| 999 |
|
|
|c 11351
|d 11351
|
| 952 |
|
|
|0 0
|1 0
|2 ddc
|4 0
|6 823_009000000000000_EAG
|7 0
|9 18513
|a BRACUL
|b BRACUL
|c GEN
|d 2011-11-02
|e Friends' Book Corner
|g 1390.00
|l 5
|m 7
|o 823.009 EAG
|p 3010017427
|r 2020-03-07
|s 2020-02-25
|t 1
|w 2011-11-02
|y BK
|x Requisitioned by Professor Syed Manzoorul Islam (Coordinator).
|